banner-ar

SUPERPOWERS AND CLIENT STATES IN THE MIDDLE EAST / (Record no. 10405)

MARC details
000 -الفاتح
حقل البيانات ثابتة الطول 00538nam a2200205Ia 4500
008 - عناصر البيانات ثابتة الطول - معلومات عامة
حقل البيانات ثابتة الطول 140319s9999 xx 000 0 eng d
040 ## - مصدر الفهرسة
وكالة الفهرسة الأصلية GCL /
وكالة النسخ GCL
082 04 - رقم تصنيف ديوى العشرى
رقم التصنيف 327.09
رقم المادة E S
100 1# - المدخل الرئيسى - إسم شخصى
الإسم الشخصى EFRAT, MOSHE
245 10 - بيان العنوان
العنوان SUPERPOWERS AND CLIENT STATES IN THE MIDDLE EAST /
بيان المسئوليه,etc EFRAT, MOSHE
700 1# - المدخل الاضافى - اسم شخصى
الإسم الشخصى BERCOVITOH, JACOB
260 ## - PUBLICATION, DISTRIBUTION, ETC. (IMPRINT)
تاريخ النشر أو التوزيع 1991
300 ## - الوصف المادى
التعداد 272 P
650 04 - المدخل الاضافى بالموضوع-مصطلح موضوعى
مصطلح موضوعي UNITED STATES
650 04 - المدخل الاضافى بالموضوع-مصطلح موضوعى
مصطلح موضوعي MIDDLE EAST
650 04 - المدخل الاضافى بالموضوع-مصطلح موضوعى
مصطلح موضوعي SOVIET UNION
650 04 - المدخل الاضافى بالموضوع-مصطلح موضوعى
مصطلح موضوعي FOREIGN RELATIONS
942 ## - عناصر المدخل الإضافي( كوها)
مصدر التصنيف او مخطط الترفيف Dewey Decimal Classification
Koha [default] item type كتاب
260 ## - PUBLICATION, DISTRIBUTION, ETC. (IMPRINT)
-- [S.N] :
-- ROUTLEDGE ،
Holdings
حالة التراجع حالة الفقد حالة تلف ليس للاعارة المكان المؤقت الموقع الحالى تاريخ الاكتساب اجمالي اﻻعارات رقم الطلب الباركود تاريخ اخر مشاهدة تاريخ تفعيل السعر نوع وعاء كوها
        مكتبة القاهرة الكبرى مكتبة القاهرة الكبرى 03/26/2014   327.09\E S 21122 03/26/2014 03/26/2014 كتاب

Powered By

EGPV